000
00287nam a22001337a 4500
003
SGT
020
_a
9788179104958
082
_a
001.4,MEE
100
_a
MEENA, JANAK SINGH
245
_a
DICTIONARY OF RESEARCH METHODS
260
_a
JAIPUR
_b
APD
_c
2015
300
_a
107
942
_2
ddc
_c
BK
999
_c
33487
_d
33487